| 000 | 01020cab a2200205 4500 | ||
|---|---|---|---|
| 001 | ##L134375 | ||
| 008 | 060801n2006 000 0 eng u | ||
| 035 | _a(Sirsi) u134375 | ||
| 041 | 0 | _aeng | |
| 100 | 1 | _aPhillippo, Peter | |
| 245 | 0 | 0 | _aNatural justice and bias |
| 260 | _c2006 | ||
| 490 | 0 |
_aContract Journal _v434(6584) 19 July 2006, 26(1) |
|
| 520 | _aDiscusses "Norbook Laboratories Ltd v A Tank and another" ([2006] EWHC 1055 Comm, L134373). The decision emphasises that arbitrators must give the parties sufficient opportunity to respond to their opponent's representations. Additionally, where an arbitrator has been in contact with a potential witness without the parties being present, they must be given details of what was said. | ||
| 590 | _aIKA010806 | ||
| 650 | 2 | 4 | _aNORBROOK LABORATORIES LTD V A TANK AND ANOTHER |
| 651 | 4 |
_aEngland and Wales _y1543- |
|
| 690 | _aMANAGEMENT-DISPUTE AVOIDANCE, MANAGEMENT AND RESOLUTION-DISPUTE MANAGEMENT AND RESOLUTION-ARBITRATION-ARBITRATORS | ||
| 942 | _n0 | ||
| 999 |
_c77491 _d77491 |
||